Normal view MARC view

Entry Personal Name

Number of records used in: 2

001 - CONTROL NUMBER

  • control field: 29531

003 - CONTROL NUMBER IDENTIFIER

  • control field: dpl

005 - DATE AND TIME OF LATEST TRANSACTION

  • control field: 20110713094801.0

008 - FIXED-LENGTH DATA ELEMENTS

  • fixed length control field: 110713|||a|||||| | ||| d

040 ## - CATALOGING SOURCE

  • Original cataloging agency: dpl
  • Transcribing agency: dpl

100 ## - HEADING--PERSONAL NAME

  • Personal name: व्यास, रेखा

670 ## - SOURCE DATA FOUND

  • Source citation: Work cat.: (dpl)40043: व्यास, रेखा, 51श्रेष्ठ व्यंग्य रचनाएं /, 2010

670 ## - SOURCE DATA FOUND

  • Source citation: Work cat.: (dpl)40043: व्यास, रेखा, 51श्रेष्ठ व्यंग्य रचनाएं /, 2010

© Delhi Public Library
Hit Counter
free hit counter